01028cam a2200253 450000100060000000300080000600500170001400800410003103500190007204000270009104100080011808200290012624500820015526000310023730000260026835000110029450002440030565000360054970000220058570000280060771000450063571000550068071000390073577598BD-RjUL20211209083011.0201204s1971 enk 100 0 eng  a(BD-RjUL)77824 aDLCcDLCdBD-RjULbeng aeng00a792.071042223bDRA 197100aDrama and theatre in education /cedited by Nigel Dodd and Winifred Hickson. aLondon:bHeinemann,c1971. avii, 176 p. ;c23 cm. a£1.50 a" ... [proceedings of] a conference on drama and theatre in education, held at Clifton College, Bristol, March 31st to April 3rd 1969, sponsored by the Bristol Education Authority, the Bristol Old Vic Theatre Company, and Clifton College." 0aDrama in educationxCongresses.1 aDodd, Nigel,eed.1 aHickson, Winifred,eed.1 aBristol (England).bEducation Authority.2 aBristol Old Vic Theatre Company (Bristol, England)2 aClifton College (Bristol, England)